000
00317nam a2200121Ia 4500
008
220204s9999 xx 000 0 und d
082
_a
617
_b
COV.1-2
100
_a
Covlson, Walter E
245
0
_a
Surgical pathology. 2 V.
260
_a
Philadelphia
_b
J B Lippincott
_c
1978
650
_a
Surgical pathology
942
_c
BK
999
_c
31289
_d
31289